[Event "AUTO-OPEN-941"]
[Site "http://www.queenalice.com/game.php?id=323120"]
[Date "2007.12.20"]
[Round "1"]
[White "Torresmo"]
[Black "darkjedi"]
[Result "0-1"]
[WhiteElo "1673"]
[BlackElo "1997"]

1. e4 c5 2. c4 Nc6 3. b3 d6 4. Bb2 Nf6 5. Bxf6 gxf6 6. Nc3 Nd4 7. h3 e6 8. Nf3
Nc6 9. d4 cxd4 10. Nxd4 Ne5 11. f4 Nc6 12. b4 Nxd4 13. Qxd4 Be7 14. Be2 b6 15.
O-O Bb7 16. c5 dxc5 17. Qxd8+ Rxd8 18. b5 Rd4 19. Rad1 Rxd1 20. Nxd1 Bxe4 21.
Nf2 Bd5 22. Bh5 Rg8 23. Ng4 Bc4 24. Rb1 Be2 25. Bxf7+ Kxf7 26. Nh6+ Kf8 27. Nxg8
Kxg8 28. Re1 Bxb5 29. Rxe6 Kf7 30. Re1 c4 31. Rd1 Bc5+ 32. Kh2 Bc6 33. Rd8 c3
34. Rd3 Bb4 35. a3 Ba5 36. g4 c2 37. Kg3 c1=Q 38. Kh4 Be1+ 39. Kh5 Qxf4 0-1

[Event "AUTO-OPEN-941"]
[Site "http://www.queenalice.com/game.php?id=323121"]
[Date "2007.12.20"]
[Round "1"]
[White "darkjedi"]
[Black "Torresmo"]
[Result "1-0"]
[WhiteElo "1946"]
[BlackElo "1626"]

1. d4 d5 2. c4 b6 3. cxd5 Qxd5 4. Nc3 Qa5 5. Nf3 e6 6. e4 f6 7. Bd3 Bd6 8. O-O
a6 9. Bd2 Qh5 10. Ne2 Nh6 11. Ng3 Bxg3 12. hxg3 g5 13. Qc2 O-O 14. Qxc7 f5 15.
e5 Nd7 16. Bc4 Qf7 17. Nxg5 Qe8 18. Nxe6 Ng4 19. Nxf8+ Kh8 20. f3 Nxf8 21. fxg4
Ne6 22. Bxe6 Bxe6 23. gxf5 Rc8 24. Qxb6 Bc4 25. Qf6+ Kg8 26. Bh6 Rc7 27. Rfc1
Rf7 28. Qg5+ Kh8 29. Rxc4 Qg8 30. Qxg8+ Kxg8 31. Rc8+ 1-0

[Event "AUTO-INT-321"]
[Site "http://www.queenalice.com/game.php?id=337203"]
[Date "2008.1.16"]
[Round "3"]
[White "Torresmo"]
[Black "davividal"]
[Result "1/2-1/2"]
[WhiteElo "1662"]
[BlackElo "1868"]

1. e4 c6 2. d4 d5 3. e5 Bf5 4. Qf3 e6 5. Bd3 Bxd3 6. Qxd3 Qb6 7. b3 c5 8. dxc5
Bxc5 9. Be3 Bxe3 10. Qxe3 Qxe3+ 11. fxe3 Nc6 12. Nf3 Rc8 13. O-O Nb4 14. Na3 Ne7
15. Nd4 Ng6 16. Rfc1 Rc3 17. Kf2 Nxe5 18. Nab5 Nbd3+ 19. Ke2 Nxc1+ 20. Rxc1 Rc8
21. Nd6+ Kd7 22. Nxc8 Rxc8 23. a4 a6 24. Nf3 Nc6 25. Ng5 f6 26. Nf3 e5 27. Rd1
Nb4 28. c4 Ke6 29. Rc1 Ke7 30. Nh4 g6 31. c5 b6 32. g4 Rxc5 33. Rxc5 bxc5
1/2-1/2

[Event "AUTO-INT-321"]
[Site "http://www.queenalice.com/game.php?id=337204"]
[Date "2008.1.16"]
[Round "3"]
[White "davividal"]
[Black "Torresmo"]
[Result "1-0"]
[WhiteElo "1860"]
[BlackElo "1670"]

1. e4 e5 2. Qh5 d6 3. Bc4 g6 4. Qf3 Qe7 5. Nc3 a6 6. Nd5 Qd7 7. a4 Qc6 8. d3 Qd7
9. Bg5 Bg7 10. h4 h6 11. Be3 Nc6 12. h5 g5 13. g4 Nge7 14. Nxc7+ Qxc7 15. Qxf7+
Kd8 16. Qxg7 Re8 17. Bf7 Nb4 18. Rc1 Nec6 19. Bxg5+ Re7 20. Qxh6 Kd7 21. Bxe7
Nxe7 22. g5 b5 23. g6 Nxg6 24. Qxg6 Na2 25. Qe6+ Kc6 26. Qxa2 Bg4 27. Bd5+ Kb6
28. Bxa8 Qd8 29. a5+ Ka7 30. Qd5 Qxa5+ 31. c3 Qb6 32. h6 1-0

[Event "Challenge"]
[Site "http://www.queenalice.com/game.php?id=607469"]
[Date "2009.6.22"]
[Round "-"]
[White "Torresmo"]
[Black "alcemirctis"]
[Result "0-1"]
[WhiteElo "1574"]
[BlackElo "1100"]

1. e4 e5 2. d4 d6 3. d5 Nf6 4. Bb5+ Bd7 5. Qd3 a6 6. Bc4 c6 7. Bg5 Be7 8. Bxf6
Bxf6 9. Ne2 b5 10. Bb3 c5 11. c4 g6 12. f4 Bg4 13. Ng3 exf4 14. e5 Bxe5 15. Nc3
fxg3 16. hxg3 b4 17. Ne4 O-O 18. Qe3 Bxb2 19. Qh6 Bh5 20. Rxh5 gxh5 21. Rb1 Bg7
22. Qf4 f5 23. Nxd6 Qe7+ 24. Kd2 Be5 25. Qf3 Qxd6 26. Qxh5 Bc3+ 27. Kc2 Qe5 28.
Qg5+ Kh8 29. Kd1 Re8 0-1

[Event "Challenge"]
[Site "http://www.queenalice.com/game.php?id=616797"]
[Date "2009.7.11"]
[Round "-"]
[White "alcemirctis"]
[Black "Torresmo"]
[Result "0-1"]
[WhiteElo "1100"]
[BlackElo "1574"]

1. e4 e5 2. Nf3 d6 3. Bc4 Bd7 4. d3 Qe7 5. Nc3 b5 6. Nxb5 Bxb5 7. Bxb5+ c6 8.
Ba4 Qd8 9. Ng5 Qa5+ 10. Bd2 Qxa4 11. b3 Qa6 12. Qf3 f6 13. Ne6 Qc8 14. Nxf8 Kxf8
15. O-O Na6 16. b4 Ne7 17. c4 Nc7 18. Rab1 Qa6 19. Rb2 Qa3 20. Rfb1 Ng6 21. g3
Rb8 22. c5 dxc5 23. Qe3 Ne6 24. d4 Qa6 25. bxc5 Rxb2 26. Rxb2 Kf7 27. Qb3 Ne7
28. a4 Rd8 29. d5 cxd5 30. exd5 Nxd5 31. h4 Nxc5 32. Qf3 Qxa4 33. Qh5+ Kg8 34.
Be3 Qa1+ 35. Kg2 Qxb2 36. Bxc5 Qb7 37. Qf5 Nf4+ 0-1

[Event "AUTO-INT-1399"]
[Site "http://www.queenalice.com/game.php?id=629529"]
[Date "2009.8.2"]
[Round "1"]
[White "Torresmo"]
[Black "karplak3"]
[Result "0-1"]
[WhiteElo "1540"]
[BlackElo "1492"]

1. e4 e5 2. Nc3 Nf6 3. Bc4 Nc6 4. Nf3 Nxe4 5. Qe2 Nxc3 6. bxc3 Bc5 7. O-O d5 8.
Nxe5 Qe7 9. d4 Nxd4 10. Qd2 Bh3 11. cxd4 dxc4 12. dxc5 Be6 13. Qf4 O-O-O 14. c6
b6 15. Nxc4 Qf6 16. Rb1 Rd4 17. Nxb6+ cxb6 0-1

[Event "AUTO-INT-1399"]
[Site "http://www.queenalice.com/game.php?id=629530"]
[Date "2009.8.2"]
[Round "1"]
[White "karplak3"]
[Black "Torresmo"]
[Result "1-0"]
[WhiteElo "1472"]
[BlackElo "1560"]

1. e4 e5 2. Nf3 d6 3. d4 Bg4 4. dxe5 Bxf3 5. Qxf3 dxe5 6. Bc4 f6 7. O-O c6 8.
Nc3 Nd7 9. Qg3 Qa5 10. Bd2 O-O-O 11. Be6 Kb8 12. Rad1 Nc5 13. Qe3 Nxe6 14. a3
Bc5 15. Qe2 Nd4 16. b4 Nxe2+ 17. Nxe2 Qxa3 18. bxc5 1-0

[Event "AUTO-INT-1399"]
[Site "http://www.queenalice.com/game.php?id=629531"]
[Date "2009.8.2"]
[Round "1"]
[White "Torresmo"]
[Black "Dubone"]
[Result "0-1"]
[WhiteElo "1522"]
[BlackElo "1532"]

1. e4 c5 2. c4 e5 3. Qh5 Nc6 4. Nf3 Nf6 5. Qh4 Be7 6. Nxe5 Nxe5 7. Qg5 Ng6 8. d3
Nxe4 9. Qg4 d5 10. dxe4 Bxg4 0-1

[Event "AUTO-INT-1399"]
[Site "http://www.queenalice.com/game.php?id=629532"]
[Date "2009.8.2"]
[Round "1"]
[White "Dubone"]
[Black "Torresmo"]
[Result "1-0"]
[WhiteElo "1694"]
[BlackElo "1513"]

1. c4 e5 2. Nc3 Na6 3. Nf3 d6 4. g3 Bf5 5. Bg2 Nb4 6. Qa4+ Nc6 7. e4 Bd7 8. Qb3
Na5 9. Qb4 c5 10. Qa3 Nxc4 11. Qb3 Na5 12. Qd1 a6 13. d3 Bb5 14. Nxb5 axb5 15.
a3 Nf6 16. O-O Be7 17. h3 Qb6 18. b4 Nc6 19. Bb2 Nh5 20. Kh1 c4 21. dxc4 bxc4
22. Nd2 1-0

[Event "AUTO-INT-1399"]
[Site "http://www.queenalice.com/game.php?id=629533"]
[Date "2009.8.2"]
[Round "1"]
[White "Torresmo"]
[Black "Michihall"]
[Result "0-1"]
[WhiteElo "1569"]
[BlackElo "1736"]

1. e4 e5 2. Nf3 Nc6 3. Bc4 Nf6 4. Ng5 d5 5. Bb3 h6 6. Nf3 Nxe4 7. O-O Bc5 8. Qe2
Bg4 9. d3 Bxf3 10. Qxf3 Nf6 11. Ba4 Qd6 12. Nc3 a6 13. Re1 O-O 14. Qg3 e4 15.
Bf4 Qe6 16. Bxh6 Qg4 17. Qxg4 Nxg4 18. Bxg7 Kxg7 19. Re2 exd3 20. cxd3 b5 21.
Bd1 Rae8 22. Nxd5 Rxe2 23. Bxe2 Nxf2 24. Kf1 Ne5 25. Nxc7 Nfxd3 26. b3 Nb4 27.
a3 Bb6 28. axb4 Bxc7 29. Rxa6 Rb8 30. g4 Ng6 31. Kg2 Nf4+ 32. Kf2 Nd5 33. Ra1
Nxb4 34. h4 f6 35. Ra7 Rc8 36. Bxb5 Kg6 37. Bd7 Bb6+ 38. Kf3 Rc3+ 39. Ke4 Bxa7
40. Be8+ Kg7 41. h5 Rxb3 42. Kf5 Bd4 43. Bf7 Kxf7 44. h6 Rh3 45. g5 fxg5 46.
Kxg5 Bf6+ 0-1

[Event "AUTO-INT-1399"]
[Site "http://www.queenalice.com/game.php?id=629534"]
[Date "2009.8.2"]
[Round "1"]
[White "Michihall"]
[Black "Torresmo"]
[Result "1-0"]
[WhiteElo "1763"]
[BlackElo "1576"]

1. d4 c6 2. c4 e6 3. Nc3 Qa5 4. Bd2 Qb6 5. Nf3 Qxb2 6. a3 Qb6 7. e4 g6 8. Be2
Bg7 9. c5 Qc7 10. O-O Nf6 11. h3 d5 12. e5 Ne4 13. Nxe4 dxe4 14. Ng5 Qd7 15. Be3
Qd5 16. Rc1 h6 17. Nxf7 Kxf7 18. Bc4 Qd8 19. Qg4 b6 20. cxb6 axb6 21. Ra1 h5 22.
Qxe4 Bh6 23. f4 Rh7 24. Rf3 Nd7 25. Qxc6 Rb8 26. Qxe6+ Kg7 27. Rg3 Nf8 28. Qf7+
1-0

[Event "O Desempate!!!!"]
[Site "http://www.queenalice.com/game.php?id=630427"]
[Date "2009.8.4"]
[Round "-"]
[White "alcemirctis"]
[Black "Torresmo"]
[Result "1-0"]
[WhiteElo "1441"]
[BlackElo "1522"]

1. e4 e5 2. Nf3 d6 3. d3 Nc6 4. b3 g6 5. Bb2 h5 6. Nbd2 Bg4 7. h3 Bxf3 8. Nxf3
Bh6 9. d4 Nxd4 10. Nxd4 exd4 11. Bxd4 f6 12. Bc4 Qe7 13. Qf3 b6 14. Bd5 O-O-O
15. Bxg8 Bg7 16. Bd5 h4 17. O-O-O f5 18. Qd3 Kd7 19. Qb5+ Kc8 20. Qc6 Qe8 21.
Qb7+ Kd7 22. Bc6+ Ke7 23. Bxe8 Bh6+ 24. Kb1 Rhxe8 25. Rhe1 Rb8 26. exf5+ Kd7 27.
Qd5 c6 28. Qf7+ 1-0